000 00464nam a2200157 4500
001 110128
003 ES-MaACL
005 20230906185000.0
007 t|
008 061121s1968 sp r ||||1| spa d
100 1 _aOrbaneja y Aragón, José de.
_987151
245 1 3 _aLa justicia social
_b: (`Plan Barcelona`) /
_cJosé de Orbaneja y Aragón.
260 _aBarcelona :
_bSagitario,
_c1968.
300 _a79 p. ;
_c22 cm.
852 _aES-MaACL
_jC-34638
_bR.66645
999 _c110128
_d110128